Les registres de Martin IV (Record no. 98375)
[ view plain ]
| 000 -LEADER | |
|---|---|
| campo de control de longitud fija | 00729nam a2200181 i 4500 |
| 001 - NÚMERO DE CONTROL | |
| campo de control | 98375 |
| 003 - IDENTIFICADOR DE NÚMERO DE CONTROL | |
| campo de control | ES-MaACL |
| 007 - CAMPO FIJO DE DESCRIPCIÓN FÍSICA--INFORMACIÓN GENERAL | |
| campo de control de longitud fija | t| |
| 008 - DATOS DE LONGITUD FIJA--INFORMACIÓN GENERAL | |
| campo de control de longitud fija | 050728m19011913fr ||||1| fre d |
| 100 1# - ENTRADA PRINCIPAL--NOMBRE DE PERSONA | |
| Nombre de persona | Martín |
| Numeración | IV |
| Títulos y otros términos asociados al nombre | Papa. |
| 9 (RLIN) | 77531 |
| 245 14 - MENCIÓN DEL TÍTULO | |
| Título | Les registres de Martin IV |
| Resto del título | : recueil des bulles de ce Pape / |
| Mención de responsabilidad, etc. | publiées ou analysées d'après les manuscrits originaux du Vatican par les membres de l'Ecole Français de Rome. |
| 260 ## - PUBLICACIÓN, DISTRIBUCIÓN, ETC. | |
| Lugar de publicación, distribución, etc. | Paris : |
| Nombre del editor, distribuidor, etc. | Librairie de Thorin et Fils, |
| Fecha de publicación, distribución, etc. | 1901-1913. |
| 300 ## - DESCRIPCIÓN FÍSICA | |
| Extensión | 2 fac. en 1 v. ; |
| Dimensiones | 33 cm. |
| 490 1# - MENCIÓN DE SERIE | |
| Mención de serie | Bibliothèque des Ecoles Françaises d'Athènes et de Rome |
| 830 0# - PUNTO DE ACCESO ADICIONAL DE SERIE-TÍTULO UNIFORME | |
| Título uniforme | Bibliothèque des Ecoles Françaises d'Athènes et de Rome |
| 9 (RLIN) | 182019 |
| 852 ## - LOCALIZACIÓN | |
| Ubicación | ES-MaACL |
| Número de control de estantería | C-7454 |
| Estatus retirado | Estado de pérdida | Estado de daño | No para préstamo | Biblioteca de origen | Biblioteca actual | Ubicación en estantería | Fecha de adquisición | Fuente de adquisición | Total de préstamos | Signatura topográfica completa | Código de barras | Visto por última vez | Precio de reemplazo | Tipo de ítem Koha |
|---|---|---|---|---|---|---|---|---|---|---|---|---|---|---|
| Biblioteca del Ateneo de Madrid | Biblioteca del Ateneo de Madrid | Sala Palomar | 17/01/2008 | C-7454 | 1102695 | 23/02/2023 | 23/02/2023 | Libro impreso antiguo |
